000 01347nam a2200313 i 4500
001 000033120
003 DO-SdBNP
005 20260415174539.0
007 ta
008 101014s1981 dr ac r 001 0bspa d
040 _aDO-SdBNP
_bspa
_cBNPHU
_erda
041 _aspa
082 4 _a923.57293
_bF363c 1981
_222
245 0 0 _aCoronel Fernández Domínguez :
_bfundador del movimiento militar constitucionalista /
_cdatos y testimonios recopilados por, Arlette Fernández.
250 _aSegunda edición
264 _aSanto Domingo :
_bEditora Cosmos,
_c1981.
300 _a340 páginas :
_bilustraciones, retratos ;
_c20 cm.
336 _atexto
_btxt
_2rdacontent
337 _asin mediación
_bn
_2rdamedia
338 _avolumen
_bnc
_2rdacarrier
500 _a"Testimonios ofrecidos por : Profesor Juan Bosch, Dr. Rafael Molina Ureña, Manuel del Cabral, José Azcárate, Ex-teniente coronel Rafael Quiroz Pérez, Manuel de Jesús Rojas Fernández (Cucho), Ex-capitán Lorenzo Sención Silverio"
590 _aInventariado, 2025/BT
600 1 4 _aFernández Domínguez, Rafael Tomás,
_d1934-1965
_919048
650 0 _a
_912155
651 4 _aRepública Dominicana
_xHistoria
_yRevolución, 1965
_92167
700 1 _aFernández, Arlette,
_d1937-
_ecompilador
_4comp.
_936068
910 _aValidado. Control de calidad. MMOLINA
942 _2ddc
_cLBS1
999 _c32611
_d32611